[Event "St Louis Inv GM 2017"]
[Site "Saint Louis USA"]
[Date "2017.11.17"]
[Round "1.1"]
[White "Chirila, Ioan-Cristian"]
[Black "Ashwin, Jayaram"]
[Result "0-1"]
[WhiteTitle "GM"]
[BlackTitle "GM"]
[WhiteElo "2557"]
[BlackElo "2474"]
[WhiteFideId "1211668"]
[BlackFideId "5018137"]
[EventDate "2017.11.17"]
[EventType "tourn"]

1. b3 d6 2. Bb2 Nd7 3. g3 Ngf6 4. Bg2 g6 5. e4 Bg7 6. Ne2 O-O 7. O-O e5 8. c4
Nc5 9. Qc2 c6 10. Nbc3 Re8 11. d4 exd4 12. Nxd4 Qb6 13. Rad1 a5 14. h3 a4 15.
Kh2 axb3 16. axb3 Nfd7 17. f4 Nf8 18. f5 Nfd7 19. Ndb5 cxb5 20. Nd5 Qd8 21. Bxg7
Kxg7 22. b4 Na4 23. cxb5 Nab6 24. Nc7 Ra4 25. Rxd6 Re5 26. Qc3 Qf8 27. Rxb6 Qxb4
28. f6+ Kh6 29. Qxb4 Rxb4 30. Rd6 Rc5 31. Ne6 fxe6 32. Rxd7 Bxd7 33. f7 Rc8 34.
f8=Q+ Rxf8 35. Rxf8 Rxb5 36. Rf7 Bc6 37. h4 Re5 38. g4 g5 39. Kg3 Kg6 40. Re7
gxh4+ 41. Kf4 h3 42. Bh1 Rc5 43. Rxe6+ Kg7 44. g5 Rc1 45. Bf3 h2 46. Rh6 Rc2 47.
Ke3 b5 48. Be2 Bxe4 49. Rxh2 Bg6 50. Rh4 Rc5 51. Rb4 Re5+ 52. Kf2 Be8 53. Bd3
Rxg5 54. Kf3 h5 55. Rd4 Kf6 56. Rf4+ Ke7 57. Rd4 Bc6+ 58. Ke3 Rg3+ 59. Kf2 Rg2+
60. Ke3 Rg3+ 61. Kf2 Rg5 62. Ke3 Ke6 63. Be2 Re5+ 64. Kf2 Rf5+ 65. Kg3 Ke5 66.
Rd8 Rg5+ 67. Kh4 Rg2 68. Bxh5 Be4 69. Bg4 b4 70. Rb8 Kf4 71. Rf8+ Ke3 72. Rb8
Rb2 73. Kg5 b3 74. Be6 Rg2+ 75. Kf6 b2 76. Ba2 Bd3 77. Ke5 Rg5+ 78. Kf6 Rf5+ 79.
Ke7 Rb5 80. Ra8 Kd2 81. Kd7 Rb6 82. Kc7 Ra6 83. Rxa6 Bxa6 84. Kb6 Bc4 85. Bb1
Kc1 0-1

[Event "St Louis Inv GM 2017"]
[Site "Saint Louis USA"]
[Date "2017.11.17"]
[Round "1.2"]
[White "Shetty, Atulya"]
[Black "Bartholomew, John"]
[Result "0-1"]
[WhiteTitle "IM"]
[BlackTitle "IM"]
[WhiteElo "2403"]
[BlackElo "2442"]
[WhiteFideId "2031213"]
[BlackFideId "2019353"]
[EventDate "2017.11.17"]
[EventType "tourn"]

1. Nf3 c5 2. c4 Nc6 3. g3 g6 4. Bg2 Bg7 5. Nc3 e6 6. d4 cxd4 7. Nb5 d5 8. cxd5
Qa5+ 9. Nd2 exd5 10. Nd6+ Kf8 11. Nxc8 Rxc8 12. O-O Nf6 13. Nb3 Qb6 14. e3 Bh6
15. Nxd4 Nxd4 16. Qxd4 Qxd4 17. exd4 Bxc1 18. Raxc1 Ke7 19. Bh3 Rc6 20. f3 Kd6
21. Kf2 h5 22. Rfe1 h4 23. Bf1 hxg3+ 24. hxg3 Rh2+ 25. Bg2 Rc4 26. Red1 Rh8 27.
Bf1 Rb4 28. Rc2 Nd7 29. Rd3 Rh2+ 30. Bg2 Rc4 31. Rdd2 a5 32. Kg1 Rh8 33. Bf1 Rb4
34. Rc3 Nb8 35. a3 Rb6 36. Bg2 Nc6 37. f4 Ne7 38. Kf2 Rc8 39. Rxc8 Nxc8 40. Bf3
Rc6 41. Bd1 Nb6 42. b3 Rc3 43. Re2 a4 44. bxa4 Rxa3 45. Rb2 Kc6 46. Rb4 Nc4 47.
Bb3 Nd2 48. Bc2 Rc3 49. Rb2 Nc4 50. Ra2 b6 51. Bb1 Rb3 52. Bc2 Rc3 53. Bb1 Rc1
54. Bc2 Rh1 55. Kg2 Re1 56. Kf2 Re3 57. g4 Rh3 58. Kg2 Rc3 59. Kf2 Ne3 60. Bb1
Nxg4+ 61. Kg2 Ne3+ 62. Kf2 Nc4 63. Re2 Ra3 64. Bc2 Kd6 65. f5 gxf5 66. Ke1 Ne3
67. Bb1 f4 68. Rb2 Nc4 69. Rb4 Rh3 70. Kf2 Rh1 71. Bd3 Rc1 72. Be2 Kc6 73. Bh5
Nd6 74. Be2 Rc3 75. Rb2 Ne4+ 76. Kg2 Rg3+ 77. Kf1 f3 78. Bb5+ Kc7 79. Rc2+ Kd8
80. Rc6 f2 81. Ke2 Rg1 82. Ke3 f1=Q 83. Bxf1 Rxf1 84. Rxb6 Kd7 85. a5 Nd6 86.
Ra6 Ra1 0-1

[Event "St Louis Inv GM 2017"]
[Site "Saint Louis USA"]
[Date "2017.11.17"]
[Round "1.3"]
[White "Zierk, Steven"]
[Black "Sadorra, Julio Catalino"]
[Result "1-0"]
[WhiteTitle "IM"]
[BlackTitle "GM"]
[WhiteElo "2493"]
[BlackElo "2554"]
[WhiteFideId "2034255"]
[BlackFideId "5201268"]
[EventDate "2017.11.17"]
[EventType "tourn"]

1. e4 c5 2. Nf3 e6 3. d4 cxd4 4. Nxd4 a6 5. Nc3 Qc7 6. g3 Nf6 7. Bg2 Bb4 8. Bd2
d6 9. g4 h6 10. h4 h5 11. g5 Ng4 12. Nb3 Nc6 13. Qe2 Na5 14. a3 Nxb3 15. cxb3
Bc5 16. f3 Ne5 17. Rc1 Qb6 18. b4 Bd4 19. f4 Ng4 20. Bf3 Bd7 21. Bxg4 hxg4 22.
Qxg4 a5 23. g6 axb4 24. gxf7+ Kxf7 25. axb4 Qxb4 26. Rh3 Qxb2 27. Rd3 Ra1 28.
Rxa1 Qxa1+ 29. Ke2 Qa6 30. Qg3 Qc4 31. f5 Be5 32. Bf4 Bb5 33. fxe6+ Ke7 34. Qg5+
Kxe6 35. Qf5+ Ke7 36. Bg5+ Bf6 37. Bxf6+ gxf6 38. Nd5+ Kd8 39. Qxf6+ Kd7 40.
Nb6+ 1-0

[Event "St Louis Inv GM 2017"]
[Site "Saint Louis USA"]
[Date "2017.11.17"]
[Round "1.4"]
[White "Burke, John M"]
[Black "Sturt, Raven"]
[Result "1-0"]
[WhiteTitle "IM"]
[BlackTitle "IM"]
[WhiteElo "2502"]
[BlackElo "2449"]
[WhiteFideId "2070901"]
[BlackFideId "2007304"]
[EventDate "2017.11.17"]
[EventType "tourn"]

1. e4 e5 2. Nf3 Nc6 3. Bb5 a6 4. Ba4 Nf6 5. O-O Be7 6. Re1 b5 7. Bb3 d6 8. c3
O-O 9. h3 Nb8 10. d4 Nbd7 11. Nbd2 Bb7 12. a4 c5 13. Bc2 Re8 14. d5 c4 15. b3
cxb3 16. Nxb3 Nb6 17. Na5 Qc7 18. Nxb7 Qxb7 19. axb5 axb5 20. Rb1 Rec8 21. Rxb5
Rxc3 22. Re3 Rac8 23. Rxc3 Rxc3 24. Bd2 Ra3 25. Qc1 Ra8 26. Bd3 Rc8 27. Qb1 Nfd7
28. Ba5 Bd8 29. Nd2 Qa7 30. Qb4 Nc5 31. Bxb6 Bxb6 32. Rxb6 Nxd3 33. Qxd6 h6 34.
Kh2 Qa2 35. Rb8 Rxb8 36. Qxb8+ Kh7 37. Nf3 Qxf2 38. Qc8 Nf4 39. Qg4 f6 40. Nh4
Qa7 41. d6 Qb7 42. d7 Qc7 43. Qd1 Ne6 44. Qd5 Qc1 45. Qxe6 Qf4+ 46. g3 1-0

[Event "St Louis Inv GM 2017"]
[Site "Saint Louis USA"]
[Date "2017.11.18"]
[Round "2.3"]
[White "Sadorra, Julio Catalino"]
[Black "Burke, John M"]
[Result "1/2-1/2"]
[WhiteTitle "GM"]
[BlackTitle "IM"]
[WhiteElo "2554"]
[BlackElo "2502"]
[WhiteFideId "5201268"]
[BlackFideId "2070901"]
[EventDate "2017.11.17"]
[EventType "tourn"]

1. Nf3 d5 2. c4 e6 3. e3 Nf6 4. Nc3 Be7 5. b3 O-O 6. Bb2 b6 7. Qc2 c5 8. Ng5 g6
9. h4 d4 10. h5 Nc6 11. hxg6 hxg6 12. Rh6 Ne5 13. Nce4 Nfg4 14. Rh3 Bxg5 15.
Nxg5 Qxg5 16. f4 Qf6 17. Qe4 Bd7 18. exd4 Nc6 19. Be2 Qg7 20. Qb1 Nf6 21. dxc5
bxc5 22. Qd3 Nb4 23. Qc3 e5 24. Rh4 Ne4 25. Qxe5 Qxe5 26. fxe5 Nc2+ 27. Kd1 Nxa1
28. Rxe4 Bf5 29. Rf4 Nxb3 30. axb3 Rab8 31. Rf3 Rb6 32. Ba3 Ra6 33. Bb2 Rb8 34.
Rc3 Rab6 35. d3 a5 36. g4 Bd7 37. Ba3 Rxb3 38. Rxb3 Rxb3 39. Bxc5 Rb2 40. Bf3
Ba4+ 41. Kc1 Rc2+ 42. Kb1 Rd2 43. Be4 Bb3 44. Ba3 a4 45. Bd6 Ra2 46. Bd5 Re2 47.
d4 Kg7 48. g5 Ra2 49. Bb4 Rf2 50. Bc5 Bd1 51. Be7 Bb3 52. Bc5 Ba2+ 53. Kc1 Re2
54. Be7 Bb3 55. Bc5 Rc2+ 56. Kb1 Ra2 57. Be7 a3 58. Bxa3 Rxa3 59. Kb2 Bxc4 60.
Bxc4 Rg3 61. Kc2 Kf8 62. Kd2 Ke7 63. d5 Rxg5 64. d6+ Ke8 65. e6 fxe6 66. Bxe6
Re5 67. d7+ Ke7 68. Bh3 Re4 69. Kd3 Re1 70. Kd2 Re5 71. Kd3 Re1 72. Kd2 Re4 73.
Kd3 Rf4 74. Ke3 g5 75. Be6 Rf8 76. Bg4 Kd6 77. Ke4 Rf4+ 78. Ke3 Ke7 79. Be6 Rh4
80. Bf5 Rh1 81. Bg4 Re1+ 82. Kf2 Re4 83. Kf3 Rd4 84. Kg3 Rd3+ 85. Kf2 Kf6 86.
Ke2 Rd4 87. Ke3 Ke5 88. Bh3 Rd6 89. Bg4 Rd4 90. Bh3 Rd6 1/2-1/2

[Event "St Louis Inv GM 2017"]
[Site "Saint Louis USA"]
[Date "2017.11.18"]
[Round "2.4"]
[White "Bartholomew, John"]
[Black "Zierk, Steven"]
[Result "1/2-1/2"]
[WhiteTitle "IM"]
[BlackTitle "IM"]
[WhiteElo "2442"]
[BlackElo "2493"]
[WhiteFideId "2019353"]
[BlackFideId "2034255"]
[EventDate "2017.11.17"]
[EventType "tourn"]

1. d4 d5 2. c4 c6 3. cxd5 cxd5 4. Bf4 Nc6 5. e3 Nf6 6. Nc3 Bf5 7. Qb3 Na5 8.
Qa4+ Bd7 9. Qd1 e6 10. Nf3 Be7 11. h3 a6 12. Bd3 b5 13. O-O O-O 14. Qe2 b4 15.
Nb1 Bb5 16. Rc1 Bd6 17. Bxd6 Qxd6 18. Nbd2 Bxd3 19. Qxd3 Rfc8 20. Ne5 Ne8 21.
Nb3 Nc6 22. Nxc6 Rxc6 23. Rc5 Rxc5 24. Nxc5 Qb6 25. a3 bxa3 26. Qxa3 Nd6 27. b3
Ne4 28. b4 h5 29. Qa5 Qxa5 30. Rxa5 Nxc5 31. dxc5 Rb8 32. Ra4 Kf8 33. Kf1 Ke7
34. Ke2 Kd8 35. Kd3 Kc7 36. Kc3 Kb7 37. Ra2 e5 1/2-1/2

[Event "St Louis Inv GM 2017"]
[Site "Saint Louis USA"]
[Date "2017.11.18"]
[Round "2.5"]
[White "Chirila, Ioan-Cristian"]
[Black "Shetty, Atulya"]
[Result "1-0"]
[WhiteTitle "GM"]
[BlackTitle "IM"]
[WhiteElo "2557"]
[BlackElo "2403"]
[WhiteFideId "1211668"]
[BlackFideId "2031213"]
[EventDate "2017.11.17"]
[EventType "tourn"]

1. b3 d5 2. Bb2 Nf6 3. Nf3 c5 4. g3 Nc6 5. Bg2 e6 6. O-O Be7 7. e3 O-O 8. c4 b6
9. Nc3 Ba6 10. d3 Rc8 11. Qe2 Qd7 12. h3 Rfd8 13. Rad1 d4 14. exd4 Nxd4 15. Nxd4
cxd4 16. Ne4 Nxe4 17. Bxe4 b5 18. Bc1 Bb7 19. Bf4 a5 20. Rfe1 Bb4 21. Qf3 Bc6
22. Bxc6 Qxc6 23. Qxc6 Rxc6 24. cxb5 Rc5 25. b6 Bxe1 26. Rxe1 Rd7 27. Re5 Rxe5
28. Bxe5 Rb7 29. Bc7 Kf8 30. Kg2 f5 31. f4 Ke7 32. Kf3 Kd7 33. Ke2 Rxc7 34. bxc7
Kxc7 35. g4 Kd6 36. gxf5 exf5 37. h4 g6 38. a3 h5 39. Kd2 Kc5 40. Kc2 Kb5 41.
Kb1 Kc5 42. Kb2 Kb5 43. Ka2 Kc5 44. a4 Kd6 45. b4 axb4 46. a5 Kc6 47. Kb3 Kb5
48. a6 Kxa6 49. Kxb4 g5 50. hxg5 h4 51. g6 h3 52. g7 h2 53. g8=Q h1=Q 54. Kc5
Ka7 55. Qf7+ Kb8 56. Qe8+ Kc7 57. Qe7+ Kc8 58. Qe6+ Kb8 59. Qb6+ 1-0

[Event "St Louis Inv GM 2017"]
[Site "Saint Louis USA"]
[Date "2017.11.18"]
[Round "3.1"]
[White "Shetty, Atulya"]
[Black "Ashwin, Jayaram"]
[Result "0-1"]
[WhiteTitle "IM"]
[BlackTitle "GM"]
[WhiteElo "2403"]
[BlackElo "2474"]
[WhiteFideId "2031213"]
[BlackFideId "5018137"]
[EventDate "2017.11.17"]

1. c4 e5 2. g3 Nf6 3. Bg2 c6 4. d4 e4 5. Nc3 d5 6. Bg5 Nbd7 7. cxd5 cxd5 8. f3
Qa5 9. Bd2 exf3 10. Bxf3 Bb4 11. Nh3 O-O 12. Nf4 Nb6 13. Nd3 Bg4 14. Nb1 Bxd2+
15. Qxd2 Qa4 16. Ne5 Nc4 17. b3 Bxf3 18. bxa4 Nxd2 19. exf3 Nc4 20. Nd2 Rac8 21.
Rb1 Na3 22. Rd1 Nc2+ 23. Kf2 Nxd4 24. Rc1 Rfe8 25. Rxc8 Rxc8 26. Rb1 Rc7 27. Ke3
Ne6 28. Nb3 d4+ 29. Kd2 Nd5 30. Rc1 Rxc1 31. Nxc1 Kf8 32. Kd3 f6 33. Nc4 Nb4+
34. Ke4 Ke7 35. a3 Nc6 36. Nb3 Ng5+ 37. Kd5 Nxf3 38. h4 d3 39. Ke4 Nfe5 40. Nb2
Kd6 41. Nc1 d2 42. Nb3 d1=Q 43. Nxd1 Nc4 44. Nd4 Nd2+ 45. Kd3 Nxd4 46. Kxd4 Nf1
47. g4 Nh2 48. Ne3 Nf3+ 49. Ke4 Nxh4 50. Nc4+ Kc5 51. Na5 b6 52. Nb7+ Kc6 0-1

[Event "St Louis Inv GM 2017"]
[Site "Saint Louis USA"]
[Date "2017.11.18"]
[Round "3.2"]
[White "Zierk, Steven"]
[Black "Chirila, Ioan-Cristian"]
[Result "0-1"]
[WhiteTitle "IM"]
[BlackTitle "GM"]
[WhiteElo "2493"]
[BlackElo "2557"]
[WhiteFideId "2034255"]
[BlackFideId "1211668"]
[EventDate "2017.11.17"]

1. e4 c5 2. Nf3 Nc6 3. d4 cxd4 4. Nxd4 Qb6 5. Nb3 Nf6 6. Nc3 e6 7. g3 a6 8. Bg2
d6 9. g4 Be7 10. g5 Nd7 11. Qe2 Qc7 12. Be3 b5 13. a3 Nce5 14. Nd2 Nb6 15. f4
Nec4 16. Bd4 O-O 17. Nxc4 Nxc4 18. b3 Ne5 19. Qd2 Bb7 20. Ne2 Ng6 21. h4 e5 22.
Be3 exf4 23. Nxf4 Ne5 24. Nd5 Bxd5 25. exd5 Rac8 26. Rc1 f6 27. O-O fxg5 28.
Rxf8+ Rxf8 29. hxg5 Qc8 30. Rf1 Rxf1+ 31. Kxf1 Qf5+ 32. Kg1 Qg4 33. Kf1 Bd8 34.
Bf4 Qf5 35. Qe3 Bxg5 0-1

[Event "St Louis Inv GM 2017"]
[Site "Saint Louis USA"]
[Date "2017.11.18"]
[Round "3.3"]
[White "Burke, John M"]
[Black "Bartholomew, John"]
[Result "1/2-1/2"]
[WhiteTitle "IM"]
[BlackTitle "IM"]
[WhiteElo "2502"]
[BlackElo "2442"]
[WhiteFideId "2070901"]
[BlackFideId "2019353"]
[EventDate "2017.11.17"]

1. e4 c5 2. Nf3 d6 3. d4 cxd4 4. Nxd4 Nf6 5. Nc3 Nc6 6. Bg5 e6 7. Qd2 a6 8.
O-O-O Bd7 9. f4 b5 10. Bxf6 gxf6 11. Kb1 Qb6 12. Nxc6 Bxc6 13. f5 h5 14. fxe6
fxe6 15. Bd3 Bh6 16. Qe1 O-O-O 17. Rf1 Rhf8 18. Ne2 Qc5 19. Nf4 Rfe8 20. Qh4 Qe5
21. Nxh5 Rh8 22. g4 Bg7 23. Qf2 Rxh5 24. gxh5 f5 25. c4 fxe4 26. cxb5 axb5 27.
Rc1 Kb7 28. Qc2 Rc8 29. Be2 Kb6 30. Qb3 e3 31. a4 Qe4+ 32. Rc2 Qxa4 33. Qxe3+
Bd4 34. Qxe6 Bxb2 35. Kxb2 Qxc2+ 36. Kxc2 Bd7+ 37. Kb2 Bxe6 38. Rf6 Bc4 39. Bxc4 1/2-1/2

[Event "St Louis Inv GM 2017"]
[Site "Saint Louis USA"]
[Date "2017.11.18"]
[Round "3.4"]
[White "Gurevich, Daniel"]
[Black "Sadorra, Julio Catalino"]
[Result "1/2-1/2"]
[WhiteTitle "IM"]
[BlackTitle "GM"]
[WhiteElo "2471"]
[BlackElo "2554"]
[WhiteFideId "2044676"]
[BlackFideId "5201268"]
[EventDate "2017.11.17"]

1. Nf3 d5 2. g3 Nf6 3. Bg2 e6 4. O-O c5 5. c4 Nc6 6. cxd5 exd5 7. d4 Be7 8. dxc5
Bxc5 9. a3 O-O 10. b4 Bb6 11. Bb2 Ne4 12. Nc3 Nxc3 13. Bxc3 Bg4 14. e3 d4 15.
exd4 Nxd4 16. Bxd4 Bxf3 17. Qxf3 Bxd4 18. Rad1 Qb6 19. Qxb7 Rad8 20. Qxb6 axb6
21. Rfe1 Bb2 22. a4 Bc3 23. Rxd8 Rxd8 24. Re4 g6 25. Bf1 Rd1 26. Kg2 Kg7 27. Rc4
Be1 28. Re4 Bc3 29. Bc4 Re1 30. Rxe1 Bxe1 31. b5 f5 32. f4 Kf6 33. Kf3 Bb4 34.
h3 h5 35. g4 hxg4+ 36. hxg4 fxg4+ 37. Kxg4 Bd6 1/2-1/2

[Event "St Louis Inv GM 2017"]
[Site "Saint Louis USA"]
[Date "2017.11.19"]
[Round "4.1"]
[White "Ashwin, Jayaram"]
[Black "Sturt, Raven"]
[Result "1/2-1/2"]
[WhiteTitle "GM"]
[BlackTitle "IM"]
[WhiteElo "2474"]
[BlackElo "2449"]
[WhiteFideId "5018137"]
[BlackFideId "2007304"]
[EventDate "2017.11.17"]

1. d4 d5 2. c4 c6 3. cxd5 cxd5 4. Bg5 g6 5. Nc3 Bg7 6. e3 Nf6 7. Qb3 Ne4 8. Bb5+
Nc6 9. Nxe4 dxe4 10. Ne2 O-O 11. Nc3 h6 12. Bh4 g5 13. Bg3 e5 14. dxe5 Nxe5 15.
O-O Be6 16. Qb4 Nd3 17. Bxd3 exd3 18. Rfd1 Qd7 19. Bd6 a5 20. Qa3 Rfd8 21. Rxd3
b5 22. Rad1 Qc6 23. Nd5 Kh8 24. Ne7 Qe4 25. f3 Qc4 26. b3 Qc2 27. R1d2 Qb1+ 28.
Rd1 Qc2 29. R1d2 Qb1+ 1/2-1/2

[Event "St Louis Inv GM 2017"]
[Site "Saint Louis USA"]
[Date "2017.11.19"]
[Round "4.3"]
[White "Bartholomew, John"]
[Black "Gurevich, Daniel"]
[Result "0-1"]
[WhiteTitle "IM"]
[BlackTitle "IM"]
[WhiteElo "2442"]
[BlackElo "2471"]
[WhiteFideId "2019353"]
[BlackFideId "2044676"]
[EventDate "2017.11.17"]

1. d4 d5 2. c4 dxc4 3. Nf3 Nf6 4. e3 e6 5. Bxc4 c5 6. O-O Nc6 7. a3 a6 8. dxc5
Qxd1 9. Rxd1 Bxc5 10. b4 Be7 11. Bb2 O-O 12. Nbd2 b5 13. Be2 Bb7 14. Nb3 Rfd8
15. Nfd2 Nd7 16. Bf3 Rab8 17. Rac1 Nde5 18. Bxe5 Nxe5 19. Bxb7 Rxb7 20. Ne4
Rxd1+ 21. Rxd1 Nc4 22. Nec5 Ra7 23. g3 g5 24. Rd7 Rxd7 25. Nxd7 Nxa3 26. Ndc5
Nc2 27. Nxa6 Bd6 28. Nd4 Nxd4 29. exd4 g4 30. f4 Kf8 31. Kf2 Ke7 32. Nc5 Kd8 33.
Ke3 Kc7 34. Ke4 Kc6 35. Na6 f5+ 36. Kd3 Kd5 37. Nc5 h5 38. Ke3 Be7 39. Kd3 Bf6
40. Na6 Bd8 41. Ke3 Kd6 42. Nc5 Bf6 43. Na6 h4 44. Kd3 h3 45. Ke3 Kc6 46. Nc5
Kd5 47. Kd3 Bh4 48. gxh4 0-1

[Event "St Louis Inv GM 2017"]
[Site "Saint Louis USA"]
[Date "2017.11.19"]
[Round "4.4"]
[White "Chirila, Ioan-Cristian"]
[Black "Burke, John M"]
[Result "1/2-1/2"]
[WhiteTitle "GM"]
[BlackTitle "IM"]
[WhiteElo "2557"]
[BlackElo "2502"]
[WhiteFideId "1211668"]
[BlackFideId "2070901"]
[EventDate "2017.11.17"]

1. d4 d5 2. Bf4 c5 3. e3 Nc6 4. Nf3 Nf6 5. c3 Qb6 6. Qc1 Nh5 7. Bg5 h6 8. Bh4 g5
9. Bg3 Bg7 10. Nbd2 Nxg3 11. hxg3 Bf5 12. Be2 O-O 13. O-O Rac8 14. Nb3 c4 15.
Nbd2 Qc7 16. Nh2 e5 17. dxe5 Nxe5 18. Ndf3 Nd3 19. Qd2 Qb6 20. Bxd3 Bxd3 21.
Rfd1 Rfe8 22. Nd4 Bxd4 23. cxd4 a5 24. Nf3 Qb4 25. Qc1 Be2 26. Re1 Bxf3 27. gxf3
b5 28. a4 Rb8 29. axb5 Rxb5 30. Re2 Qd6 31. Qd2 Qb6 32. Kg2 Rb8 33. Ra2 Kg7 34.
e4 Qf6 35. Re3 Qb6 36. Re2 Qf6 37. Re3 Qb6 38. Rea3 Rxb2 39. Rxb2 Qxb2 40. Qxb2
Rxb2 41. Rxa5 dxe4 42. fxe4 Rd2 43. d5 Kf6 44. d6 Ke6 45. Rc5 Rd4 46. e5 g4 47.
f4 gxf3+ 48. Kxf3 f6 49. exf6 Kxf6 50. Ke3 Rxd6 1/2-1/2

[Event "St Louis Inv GM 2017"]
[Site "Saint Louis USA"]
[Date "2017.11.19"]
[Round "4.5"]
[White "Shetty, Atulya"]
[Black "Zierk, Steven"]
[Result "0-1"]
[WhiteTitle "IM"]
[BlackTitle "IM"]
[WhiteElo "2403"]
[BlackElo "2493"]
[WhiteFideId "2031213"]
[BlackFideId "2034255"]
[EventDate "2017.11.17"]

1. d4 d5 2. c4 c6 3. Nf3 Nf6 4. Qc2 dxc4 5. e4 b5 6. b3 cxb3 7. axb3 Bb7 8. Bd2
a5 9. Bd3 e6 10. O-O h6 11. Rc1 Be7 12. Nc3 Na6 13. e5 Nd7 14. Be2 b4 15. Ne4
O-O 16. Be3 Nc7 17. Qd2 f5 18. exf6 Nxf6 19. Qc2 Ncd5 20. Bd2 Ba6 21. Bxa6 Rxa6
22. Qd3 Qa8 23. Ne5 Nxe4 24. Qxe4 Bf6 25. Nd7 Rf7 26. Nc5 Raa7 27. Re1 Rfe7 28.
Bf4 Nxf4 29. Qxf4 Qd8 30. Rad1 Qd5 31. Qg4 Ra8 32. Re3 Rd8 33. Nxe6 Rde8 34.
Rde1 Qd6 35. h4 Kf7 36. Nf4 Rxe3 37. Rxe3 Bxd4 38. Rxe8 Kxe8 39. Qc8+ Kf7 40.
Qf5+ Bf6 41. Ng6 Qd1+ 42. Kh2 Qd5 43. Qb1 Qd4 44. h5 Be5+ 45. Kh3 Qd7+ 46. g4
Qd5 47. Nxe5+ Qxe5 48. Qg6+ Ke7 49. f3 Kd7 50. Qf7+ Kd6 51. Qf8+ Kc7 52. Qa8 Kb6
53. Qd8+ Kb5 54. Qd3+ Kc5 55. Qc4+ Kb6 56. Qg8 c5 57. Qd8+ Qc7 58. Qd5 Qb7 59.
Qd6+ Qc6 60. Qd8+ Ka6 61. Qd3+ c4 62. bxc4 a4 63. g5 a3 64. Qb3 Ka5 65. Qe3 Qd7+
66. Kg2 a2 67. Qe5+ Ka4 68. gxh6 gxh6 69. c5 Qd2+ 70. Kh3 Qc3 71. Qe8+ Ka3 0-1

[Event "St Louis Inv GM 2017"]
[Site "Saint Louis USA"]
[Date "2017.11.19"]
[Round "5.1"]
[White "Zierk, Steven"]
[Black "Ashwin, Jayaram"]
[Result "1-0"]
[WhiteTitle "IM"]
[BlackTitle "GM"]
[WhiteElo "2493"]
[BlackElo "2474"]
[WhiteFideId "2034255"]
[BlackFideId "5018137"]
[EventDate "2017.11.17"]

1. e4 c6 2. d4 d5 3. Nc3 dxe4 4. Nxe4 Bf5 5. Ng3 Bg6 6. h4 h6 7. Nf3 e6 8. h5
Bh7 9. Bd3 Bxd3 10. Qxd3 Nf6 11. Bd2 Be7 12. O-O-O O-O 13. Kb1 c5 14. Ne4 Nc6
15. Bc3 Nb4 16. Bxb4 cxb4 17. Ne5 Nxe4 18. Qxe4 Qd5 19. Qxd5 exd5 20. Rhe1 Rfe8
21. Ng4 Bf6 22. Re3 Kf8 23. Nxf6 Rxe3 24. Nh7+ Kg8 25. fxe3 Kxh7 26. Rf1 Kg8 27.
Kc1 Kf8 28. Rf5 Rd8 29. Kd2 Ke7 30. Kd3 Rd6 31. e4 dxe4+ 32. Kxe4 Rc6 33. Kd3
Ra6 34. Rb5 b6 35. Rxb4 Rxa2 36. b3 Ke6 37. Ra4 Rxa4 38. bxa4 Kf5 39. Kc4 Ke4
40. c3 a6 41. g4 g5 42. d5 Ke5 43. a5 bxa5 44. Kc5 a4 45. d6 a3 46. d7 a2 47.
d8=Q a1=Q 48. Qd4+ 1-0

[Event "St Louis Inv GM 2017"]
[Site "Saint Louis USA"]
[Date "2017.11.19"]
[Round "5.2"]
[White "Burke, John M"]
[Black "Shetty, Atulya"]
[Result "1/2-1/2"]
[WhiteTitle "IM"]
[BlackTitle "IM"]
[WhiteElo "2502"]
[BlackElo "2403"]
[WhiteFideId "2070901"]
[BlackFideId "2031213"]
[EventDate "2017.11.17"]

1. e4 e6 2. d4 d5 3. Nd2 c5 4. Ngf3 cxd4 5. exd5 Qxd5 6. Bc4 Qd6 7. O-O Nf6 8.
Nb3 Nc6 9. Nbxd4 Nxd4 10. Nxd4 a6 11. Re1 Qc7 12. Qe2 Bd7 13. Bg5 O-O-O 14. Rad1
Bb4 15. c3 Bd6 16. h3 Kb8 17. Nf3 h6 18. Bh4 Ka7 19. Bg3 Bxg3 20. fxg3 Bc6 21.
Ne5 Be4 22. Rxd8 Rxd8 23. Nxf7 Qxf7 24. Qf2+ Ka8 25. Rxe4 Qc7 26. Rh4 e5 27. Bb3
e4 28. Bc2 Qe5 29. Qe3 Qg5 30. Qb6 Re8 31. Ba4 Rc8 32. Rf4 Qxg3 33. Rf2 Qe5 34.
Re2 h5 35. Qe3 h4 36. Bc2 Re8 37. Rd2 Nh5 38. Bxe4 Ng3 39. Rd8+ Rxd8 40. Bxb7+
Kxb7 41. Qxe5 Rd1+ 42. Kf2 Rf1+ 43. Ke3 Re1+ 44. Kd4 Rxe5 45. Kxe5 Kc6 46. a4 g5
47. b4 Ne2 48. b5+ axb5 49. axb5+ Kxb5 50. Kf5 Nf4 51. Kxg5 Nxg2 52. Kg4 Kc4 1/2-1/2

[Event "St Louis Inv GM 2017"]
[Site "Saint Louis USA"]
[Date "2017.11.19"]
[Round "5.3"]
[White "Gurevich, Daniel"]
[Black "Chirila, Ioan-Cristian"]
[Result "1/2-1/2"]
[WhiteTitle "IM"]
[BlackTitle "GM"]
[WhiteElo "2471"]
[BlackElo "2557"]
[WhiteFideId "2044676"]
[BlackFideId "1211668"]
[EventDate "2017.11.17"]

1. Nf3 Nf6 2. c4 g6 3. Nc3 d5 4. cxd5 Nxd5 5. e4 Nxc3 6. dxc3 Qxd1+ 7. Kxd1 f6
8. Be3 e5 9. Nd2 Be6 10. Bc4 Kf7 11. Kc2 Nd7 12. Rad1 Nb6 13. Bxe6+ Kxe6 14. b3
Nc8 15. f3 Nd6 16. c4 b6 17. Nb1 Nb7 18. Nc3 c6 19. g3 Bb4 20. Kb2 Rad8 21. a3
Bc5 22. Bxc5 Nxc5 23. b4 Nd3+ 24. Kc2 Nf2 25. Rxd8 Rxd8 26. Rf1 Nh3 27. Nd1 f5
28. exf5+ gxf5 29. Ne3 f4 30. gxf4 exf4 31. Ng4 h5 32. Nf2 Ng5 33. h4 Nxf3 34.
Nh3 Nd4+ 35. Kb2 f3 36. Ng5+ Kf5 37. Nxf3 Kg4 38. Ne5+ Kg3 39. Rg1+ Kh3 40. Rh1+
Kg3 41. Rg1+ Kh3 42. Rh1+ Kg2 43. Rd1 Ne6 44. Re1 Nf4 45. Re4 Re8 46. Rxf4 Rxe5
47. Rf7 a5 48. Rf6 axb4 49. axb4 c5 50. Rxb6 cxb4 51. Rxb4 Re4 52. Kc3 Rxh4 53.
Rb2+ Kg3 54. c5 Ra4 55. Rb3 h4 56. c6 Ra8 57. Kd4+ Kg2 58. Rb2+ Kg3 59. Rb3+ Kg2
60. Rb2+ 1/2-1/2

[Event "St Louis Inv GM 2017"]
[Site "Saint Louis USA"]
[Date "2017.11.19"]
[Round "5.4"]
[White "Sturt, Raven"]
[Black "Sadorra, Julio Catalino"]
[Result "1/2-1/2"]
[WhiteTitle "IM"]
[BlackTitle "GM"]
[WhiteElo "2449"]
[BlackElo "2554"]
[WhiteFideId "2007304"]
[BlackFideId "5201268"]
[EventDate "2017.11.17"]

1. d4 e6 2. Nf3 f5 3. g3 Nf6 4. Bg2 d5 5. c4 Bd6 6. O-O O-O 7. Nc3 c6 8. Rb1
Nbd7 9. Qd3 Ne4 10. Bf4 Bxf4 11. gxf4 Rf6 12. Qe3 Rh6 13. Nxe4 fxe4 14. Ne5 Nxe5
15. fxe5 Bd7 16. f3 Qh4 17. h3 Qg3 18. Qf2 Rxh3 19. Qxg3 Rxg3 20. Kh2 Rg5 21.
fxe4 dxe4 22. c5 Rf8 23. Rxf8+ Kxf8 24. e3 Be8 25. Bxe4 Bg6 26. Bxg6 Rxg6 27. b4
Ke7 28. b5 Kd7 29. a4 Rg4 30. Rf1 Ke8 31. bxc6 bxc6 32. Rb1 a5 33. Rb6 Kd7 34.
Rb7+ Kd8 35. Ra7 Re4 36. Rxa5 Rxe3 37. Ra8+ Kd7 38. Ra7+ Kd8 39. a5 Ra3 40. Rxg7
Rxa5 41. Rxh7 Ra3 42. Rh3 Ra2+ 43. Kg3 Rd2 44. Rh4 Rd3+ 45. Kf2 Kc7 46. Ke2 Ra3
47. Rf4 Kd7 48. Rf3 Ra1 49. Ke3 Re1+ 50. Kf4 Rd1 51. Ke3 Re1+ 52. Kd2 Ra1 53.
Rf7+ Kd8 54. Kc3 Rb1 55. Rh7 Rb5 56. Rg7 Rb1 57. Rg4 Kd7 58. Kd3 Re1 59. Kd2 Ra1
60. Ke3 Rf1 61. Rf4 Rg1 62. Kf2 Rd1 63. Kg3 Ke7 64. Kh4 Rh1+ 65. Kg5 Rd1 66. Kh5
Rd2 67. Rh4 Rg2 68. Rg4 Rh2+ 69. Kg6 Rd2 70. Kg7 Ra2 71. Kh7 Rh2+ 72. Kg7 Rh1
73. Kg8 Rd1 74. Rg7+ Ke8 75. Rc7 Rxd4 76. Rxc6 Rg4+ 77. Kh7 Rg5 78. Rxe6+ Kf7
79. Kh6 Kxe6 80. Kxg5 Kxe5 81. c6 Kd6 82. c7 Kxc7 1/2-1/2